| 000 | 00373nam a2200133Ia 4500 | ||
|---|---|---|---|
| 008 | 240624s9999 xx 000 0 und d | ||
| 041 | _aeng | ||
| 082 | _a333.91 ZIE | ||
| 100 | _aZIEGLER RAFAEL | ||
| 245 | _aSOCIAL ENTREPRENEURSHIP IN THE WATER SECTOR GETTING THINGS | ||
| 260 |
_c2014 _aUnited Kingdom _bEdward Elgar |
||
| 300 | _axii, 244 p.; 23 cm. | ||
| 365 |
_cBPS _b25 |
||
| 999 |
_c32074 _d32074 |
||